000 00614nam a2200229Ia 4500
003 OSt
005 20220918204151.0
006 a|||||r|||| 00| 0
007 ta
008 220917b |||||||| |||| 00| 0 eng d
024 _a111,305
037 _cTextual
040 _aARTS
_cARTS
_beng
041 _2eng
_aeng
082 _aV5.I50<-H20, L5
100 _aHolmes George
_9110963
245 0 _aEurope
_b hierarchy and revolt 1320-1450
260 _aFontana
_bharvester Press
_c1975
650 _aHISTORY
942 _hV5.I50<-H20, L5
_cTEXL
_2CC
999 _c234654
_d234654